|
|
|
|
| LEADER |
00000nam a22000007a 4500 |
| 005 |
20180313205733.0 |
| 007 |
cr|||| |||| |
| 008 |
180313s2016 br |||||s|||| 00||0 por d |
| 020 |
|
|
|a 978-85-7789-273-0
|
| 035 |
|
|
|a 21068
|
| 040 |
|
|
|a vLex
|
| 090 |
|
|
|c 7465
|d 7465
|
| 100 |
1 |
|
|a Apoliano Cardoso, Hľio
|
| 245 |
1 |
0 |
|a ABC dos recursos no novo CPC comentado
|h [Recurso electrn̤ico] /
|c Hľio Apoliano Cardoso
|
| 256 |
|
|
|a Servicio en ln̕ea
|
| 260 |
|
|
|a San Pablo:
|b JH Mizuno,
|c 2016
|
| 300 |
|
|
|a 1 recurso electrn̤ico
|
| 506 |
1 |
|
|a Disponible solo en los productos indicados
|d vLex Global
|d vLex Global (Academic Edition, excluding Law Schools)
|d vLex Global (U.S. Academic Edition, Law Schools)
|d vLex Global (U.S. Academic Edition, excluding Law Schools)
|d vLex Global (Academic Edition, Law Schools)
|
| 650 |
0 |
4 |
|a Procedimiento Civil
|z Brasil
|
| 740 |
0 |
|
|a vLex Libros (Servicio en ln̕ea)
|
| 856 |
4 |
0 |
|u http://vlex.com/source/abc-recursos-novo-cpc-21068
|z Acceso restringido
|
| 942 |
|
|
|c BOOK
|
| 999 |
0 |
|
|a Civil Procedure
|